000 00487nam a22001817a 4500
999 _c131542
_d131542
005 20230830110411.0
008 230830b ||||| |||| 00| 0 eng d
020 _a9694424615
040 _cPK-LaUMT
082 _a891.4393
_bRAZ-R
100 _a Razia Butt = رضیہ بٹ
245 _aResham = ریشم /
_cby Razia Butt = رضیہ بٹ
260 _aLahore :
_bMaqbool Academy,
_c1995
300 _a244 p.
650 _aUrdu literature
650 _aUrdu fiction
942 _cBK